[Event "ISL-chT Kvika 2324"]
[Site "Reykjavik"]
[Date "2023.10.14"]
[Round "4.3"]
[White "Olafsson, Thorvadur F"]
[Black "Thorfinnsson, Bragi"]
[Result "0-1"]
[WhiteElo "2114"]
[BlackElo "2396"]
[PlyCount "82"]
[EventDate "2023.10.12"]
[EventType "team-tourn"]
[EventRounds "10"]
[EventCountry "ISL"]
[SourceTitle "Mega2024 Update 01"]
[Source "Chessbase"]
[SourceDate "2023.11.12"]
[SourceVersion "1"]
[SourceVersionDate "2023.11.12"]
[SourceQuality "1"]
[WhiteTeam "Taflfelag Vestmannaeyja"]
[BlackTeam "Vikingaklubburinn"]
[WhiteTeamCountry "ISL"]
[BlackTeamCountry "ISL"]

1. e4 d6 2. Nc3 Nf6 3. f4 g6 4. Nf3 Bg7 5. Bc4 Nxe4 6. Nxe4 d5 7. Bb3 dxe4 8. Ng5 0-0 9. Nxe4 a5 10. c3 b6 11. 0-0 c5 12. Bc4 e6 13. d3 Bb7 14. Qe1 Bd5 15. Bxd5 Qxd5 16. Rf3 Nd7 17. Rh3 h6 18. Nf2 f5 19. c4 Qd6 20. Bd2 Rae8 21. Bc3 Qxf4 22. Bd2 Qd4 23. Bc3 Qd6 24. Bxg7 Kxg7 25. Qd2 g5 26. Re1 Qd4 27. Qe2 e5 28. Re3 g4 29. g3 Kg6 30. Kg2 h5 31. h4 f4 32. gxf4 exf4 33. Re6+ Nf6 34. Qe4+ Qxe4+ 35. R1xe4 Rxe6 36. Rxe6 Kf5 37. Rxb6 Re8 38. Rb5 Re5 39. Rxa5 g3 40. Nh3 Kg4 41. Ng1 f3+ 0-1

[Event "ISL-chT Kvika 2324"]
[Site "Reykjavik"]
[Date "2023.10.12"]
[Round "1.3"]
[White "Olafsson, Thorvadur F"]
[Black "Thorhallsson, Throstur"]
[Result "0-1"]
[WhiteElo "2114"]
[BlackElo "2390"]
[PlyCount "58"]
[EventDate "2023.10.12"]
[EventType "team-tourn"]
[EventRounds "10"]
[EventCountry "ISL"]
[SourceTitle "Mega2024 Update 01"]
[Source "Chessbase"]
[SourceDate "2023.11.12"]
[SourceVersion "1"]
[SourceVersionDate "2023.11.12"]
[SourceQuality "1"]
[WhiteTeam "Taflfelag Vestmannaeyja"]
[BlackTeam "Taflfelag Reykjavikur"]
[WhiteTeamCountry "ISL"]
[BlackTeamCountry "ISL"]

1. e4 c5 2. Nc3 Nc6 3. Bb5 e6 4. Bxc6 dxc6 5. Nf3 e5 6. Nxe5 Qg5 7. f4 Qxg2 8. Qf3 Qxf3 9. Nxf3 Nf6 10. d3 Be7 11. Bd2 g6 12. 0-0-0 Bg4 13. Rdf1 Bh3 14. Rf2 Be6 15. Ng5 Bd7 16. Re2 0-0 17. e5 Nd5 18. e6 fxe6 19. Nxe6 Bxe6 20. Rxe6 Bh4 21. Nxd5 cxd5 22. Re5 Rad8 23. Rf1 Rd6 24. f5 Bf6 25. d4 Bxe5 26. dxe5 Re6 27. f6 Rxe5 28. Bh6 Rf7 29. Bg7 Rxg7 0-1

[Event "Reykjavik Autumn"]
[Site "Reykjavik"]
[Date "2022.09.23"]
[Round "8"]
[White "Olafsson, Thorvadur F"]
[Black "Gretarsson, Hjorvar Steinn"]
[Result "0-1"]
[WhiteElo "2146"]
[BlackElo "2542"]
[PlyCount "58"]
[EventDate "2022.09.07"]
[EventType "tourn"]
[EventRounds "9"]
[EventCountry "ISL"]
[SourceTitle "EXT 2023"]
[Source "ChessBase"]
[SourceDate "2022.10.05"]
[SourceVersion "1"]
[SourceVersionDate "2022.10.05"]
[SourceQuality "1"]

1. e4 c5 2. Nf3 d6 3. d4 cxd4 4. Nxd4 Nf6 5. Nc3 a6 6. Be3 Nbd7 7. Nb3 b5 8. a4 b4 9. Nd5 e6 10. Nxf6+ Nxf6 11. Bd3 Bb7 12. Qf3 Qc7 13. 0-0 d5 14. exd5 Bd6 15. h3 Nxd5 16. Qe2 Be5 17. Nd4 g6 18. Be4 0-0 19. Rad1 Rfd8 20. Bxd5 Rxd5 21. b3 Rc8 22. Rd2 Bh2+ 23. Kh1 Bf4 24. Rfd1 Bxe3 25. Qxe3 Qc3 26. Qxc3 Rxc3 27. Rd3 e5 28. Nf3 Rdxd3 29. Rxd3 Rxc2 0-1

[Event "Reykjavik Autumn"]
[Site "Reykjavik"]
[Date "2022.09.18"]
[Round "6"]
[White "Olafsson, Thorvadur F"]
[Black "Mai, Alexander Oliver"]
[Result "0-1"]
[WhiteElo "2146"]
[BlackElo "2135"]
[PlyCount "64"]
[EventDate "2022.09.07"]
[EventType "tourn"]
[EventRounds "9"]
[EventCountry "ISL"]
[SourceTitle "EXT 2023"]
[Source "ChessBase"]
[SourceDate "2022.10.05"]
[SourceVersion "1"]
[SourceVersionDate "2022.10.05"]
[SourceQuality "1"]

1. e4 c5 2. Nf3 d6 3. d4 cxd4 4. Nxd4 Nf6 5. f3 Nc6 6. c4 e6 7. Nc3 Be7 8. Be3 0-0 9. Nc2 d5 10. cxd5 exd5 11. exd5 Nb4 12. Bc4 b5 13. Bb3 Nxc2+ 14. Qxc2 b4 15. Ne2 Nxd5 16. Bxd5 Qxd5 17. 0-0 Bf5 18. Qb3 Qb7 19. Nd4 Bg6 20. a3 Rfb8 21. axb4 Bxb4 22. Rfc1 a5 23. Bf2 Bd2 24. Qxb7 Rxb7 25. Rd1 Rxb2 26. Nc6 f6 27. Ne7+ Kf7 28. Nxg6 Kxg6 29. Ra4 Bb4 30. Bb6 Ra6 31. Bc7 Rc2 32. Bg3 Re6 0-1

[Event "ISL-chT2 2122"]
[Site "Reykjavik"]
[Date "2021.10.02"]
[Round "3.1"]
[White "Runarsson, Gunnar Freyr"]
[Black "Olafsson, Thorvadur F"]
[Result "1/2-1/2"]
[WhiteElo "1938"]
[BlackElo "2148"]
[PlyCount "28"]
[EventDate "2021.10.01"]
[EventType "team-tourn"]
[EventRounds "7"]
[EventCountry "ISL"]
[SourceTitle "EXT 2024"]
[Source "ChessBase"]
[SourceDate "2023.10.10"]
[SourceVersion "1"]
[SourceVersionDate "2023.10.10"]
[SourceQuality "1"]
[WhiteTeam "Vikingaklubburinn II"]
[BlackTeam "Reykjavik TR II"]
[WhiteTeamCountry "ISL"]
[BlackTeamCountry "ISL"]

1. d4 Nf6 2. Nc3 d5 3. Bf4 e6 4. e3 Bd6 5. Bg3 c5 6. Nf3 Nc6 7. Be2 a6 8. 0-0 0-0 9. Ne5 Qc7 10. Nxc6 Qxc6 11. Bxd6 Qxd6 12. dxc5 Qxc5 13. Qd4 Qxd4 14. exd4 b5 1/2-1/2

[Event "ISL-chT1 1920"]
[Site "Reykjavik"]
[Date "2021.05.15"]
[Round "7.4"]
[White "Olafsson, Thorvadur F"]
[Black "Ingibergsson, Valgard"]
[Result "1-0"]
[WhiteElo "2123"]
[BlackElo "1850"]
[PlyCount "113"]
[EventDate "2019.10.03"]
[EventType "team-tourn"]
[EventRounds "9"]
[EventCountry "ISL"]
[SourceTitle "EXT 2022"]
[Source "ChessBase"]
[SourceDate "2021.10.06"]
[SourceVersion "1"]
[SourceVersionDate "2021.10.06"]
[SourceQuality "1"]
[WhiteTeam "Taflfelag Reykjavikur"]
[BlackTeam "Taflfelag Gardjabaejar"]
[WhiteTeamCountry "ISL"]
[BlackTeamCountry "ISL"]

1. e4 e5 2. Nf3 Nc6 3. Bb5 Bc5 4. c3 d6 5. d4 exd4 6. cxd4 Bb6 7. d5 a6 8. Ba4 Ba5+ 9. Bd2 Bxd2+ 10. Qxd2 b5 11. dxc6 bxa4 12. Nc3 Ne7 13. Qd4 0-0 14. Qxa4 Bg4 15. Nd4 Ng6 16. f3 Bc8 17. 0-0 Rb8 18. Qc2 Ne7 19. Rac1 Qe8 20. b3 Rb6 21. Rfd1 Be6 22. Na4 Rb8 23. Nb2 Qc8 24. Nc4 f6 25. Nxe6 Qxe6 26. Ne3 Rb6 27. Nd5 Nxd5 28. Rxd5 Rfb8 29. Qc4 Kf7 30. Ra5 Qxc4 31. Rxc4 Ra8 32. Kf2 Ke6 33. Ke3 Rb5 34. Rca4 Rb6 35. Rc4 Rb5 36. Raa4 d5 37. Rd4 a5 38. b4 dxe4 39. Rxe4+ Kd6 40. bxa5 Re5 41. Rxe5 Kxe5 42. a6 Kd6 43. a7 Kxc6 44. Kd4 Rd8+ 45. Kc4 Ra8 46. h4 h5 47. Ra5 Kb6 48. Ra3 Kc6 49. Kd4 Kd6 50. Ra6+ c6 51. Kc4 g5 52. g3 gxh4 53. gxh4 Kc7 54. Kc5 Kb7 55. Ra3 Kc7 56. f4 Kb7 57. f5 1-0

[Event "ISL-chT1 1920"]
[Site "Reykjavik"]
[Date "2021.05.15"]
[Round "8.3"]
[White "Sigfusson, Sigurdur Dadi"]
[Black "Olafsson, Thorvadur F"]
[Result "1/2-1/2"]
[WhiteElo "2298"]
[BlackElo "2123"]
[PlyCount "78"]
[EventDate "2019.10.03"]
[EventType "team-tourn"]
[EventRounds "9"]
[EventCountry "ISL"]
[SourceTitle "EXT 2022"]
[Source "ChessBase"]
[SourceDate "2021.10.06"]
[SourceVersion "1"]
[SourceVersionDate "2021.10.06"]
[SourceQuality "1"]
[WhiteTeam "Skakfelagidj Huginn"]
[BlackTeam "Taflfelag Reykjavikur"]
[WhiteTeamCountry "ISL"]
[BlackTeamCountry "ISL"]

1. e4 e5 2. Nf3 Nc6 3. Bc4 Bc5 4. 0-0 Nf6 5. d3 d6 6. c3 Bb6 7. a4 h6 8. b4 a6 9. Be3 Bxe3 10. fxe3 0-0 11. Na3 Re8 12. Nh4 Be6 13. Nf5 Bxc4 14. Nxc4 Re6 15. Qf3 Ne7 16. Nd2 c6 17. Qg3 Ng6 18. Nf3 d5 19. N3h4 Nh5 20. Qf3 Nxh4 21. Qxh5 Nxf5 22. exf5 Rd6 23. f6 Rxf6 24. Qxe5 Rxf1+ 25. Rxf1 Qd7 26. a5 Re8 27. Qd4 Qe6 28. Rf3 Qe5 29. Qxe5 Rxe5 30. Kf2 Re6 31. Rf4 Kf8 32. Rd4 Ke7 33. c4 dxc4 34. Rxc4 Rf6+ 35. Ke2 Rg6 36. Kf3 Rf6+ 37. Ke2 Rg6 38. Kf3 Re6 39. d4 Kf8 1/2-1/2

[Event "Reykjavik Haustmot-B"]
[Site "Reykjavik"]
[Date "2020.10.02"]
[Round "9"]
[White "Ptacnikova, Lenka"]
[Black "Olafsson, Thorvadur F"]
[Result "1-0"]
[WhiteElo "2117"]
[BlackElo "2111"]
[PlyCount "61"]
[EventDate "2020.09.13"]
[EventType "tourn"]
[EventRounds "9"]
[EventCountry "ISL"]
[SourceTitle "CBM 198 Extra"]
[Source "ChessBase"]
[SourceDate "2020.11.30"]
[SourceVersion "1"]
[SourceVersionDate "2020.11.30"]
[SourceQuality "1"]

1. Nf3 Nf6 2. c4 e6 3. g3 d5 4. d4 Be7 5. Bg2 0-0 6. 0-0 dxc4 7. Qc2 a6 8. Qxc4 b5 9. Qc2 Bb7 10. Nbd2 Nbd7 11. Nb3 Be4 12. Qd1 c5 13. Bd2 c4 14. Ba5 Qb8 15. Nbd2 Bd5 16. b3 cxb3 17. axb3 Qb7 18. Qb1 Rfc8 19. Re1 Ne4 20. Nxe4 Bxe4 21. Ng5 Bxb1 22. Bxb7 Bc2 23. Nf3 Bxb3 24. Bxa8 Rxa8 25. Rec1 Nf6 26. Rc7 Kf8 27. Ne5 Ke8 28. Rac1 Bd6 29. Rc8+ Rxc8 30. Rxc8+ Ke7 31. Bd8+ 1-0

[Event "Reykjavik Haustmot-B"]
[Site "Reykjavik"]
[Date "2020.09.26"]
[Round "6"]
[White "Olafsson, Thorvadur F"]
[Black "Mai, Alexander Oliver"]
[Result "1/2-1/2"]
[WhiteElo "2111"]
[BlackElo "2055"]
[PlyCount "62"]
[EventDate "2020.09.13"]
[EventType "tourn"]
[EventRounds "9"]
[EventCountry "ISL"]
[SourceTitle "CBM 198 Extra"]
[Source "ChessBase"]
[SourceDate "2020.11.30"]
[SourceVersion "1"]
[SourceVersionDate "2020.11.30"]
[SourceQuality "1"]

1. e4 e5 2. Nf3 Nc6 3. Bb5 a6 4. Ba4 Nf6 5. 0-0 Be7 6. Bxc6 dxc6 7. Qe1 Nd7 8. b3 c5 9. Bb2 Bd6 10. a4 Qe7 11. Na3 b6 12. Nc4 Bb7 13. d3 0-0-0 14. Bc3 g6 15. Nfd2 Rhe8 16. b4 cxb4 17. Nxd6+ Qxd6 18. Nc4 Qe6 19. Bxb4 f5 20. f3 f4 21. Qh4 h5 22. Qg5 a5 23. Ba3 Ba6 24. Nb2 Nf8 25. Bxf8 Rxf8 26. Nd1 Qf6 27. Qxf6 Rxf6 28. Nf2 Rc6 29. c4 Rcd6 30. Rfc1 Rc6 31. Kf1 Kd7 1/2-1/2

[Event "Reykjavik Congress"]
[Site "Reykjavik"]
[Date "2020.01.22"]
[Round "6"]
[White "Gudmundsson, Thordur"]
[Black "Olafsson, Thorvadur F"]
[Result "0-1"]
[WhiteElo "1553"]
[BlackElo "2188"]
[PlyCount "72"]
[EventDate "2020.01.05"]
[EventType "swiss"]
[EventRounds "9"]
[EventCountry "ISL"]
[SourceTitle "CBM 194 Extra"]
[Source "ChessBase"]
[SourceDate "2020.03.31"]
[SourceVersion "1"]
[SourceVersionDate "2020.03.31"]
[SourceQuality "1"]

1. e4 c5 2. Nc3 Nc6 3. g3 g6 4. Bg2 Bg7 5. Nge2 Rb8 6. 0-0 b5 7. d3 b4 8. Nd5 e6 9. Ne3 Nge7 10. Nc4 d5 11. exd5 exd5 12. Bf4 dxc4 13. Bxb8 Nxb8 14. Rb1 Bf5 15. Be4 Bxe4 16. dxe4 Qxd1 17. Rfxd1 Nbc6 18. a3 0-0 19. axb4 cxb4 20. f4 Rc8 21. Rd7 Kf8 22. c3 Ke8 23. Rbd1 a5 24. Rb7 a4 25. e5 a3 26. bxa3 bxa3 27. Ra1 Ra8 28. Rb5 f6 29. exf6 Bxf6 30. Rc5 Ra4 31. Ra2 Kd7 32. Rb5 Kc7 33. Rb1 Nd5 34. Rc1 Na7 35. Nd4 Nxc3 36. Rd2 Bxd4+ 0-1

[Event "ISL-chT1 1819"]
[Site "Reykjavik"]
[Date "2019.03.01"]
[Round "7.1"]
[White "Ahlander, Bjorn"]
[Black "Olafsson, Thorvadur F"]
[Result "1-0"]
[WhiteElo "2422"]
[BlackElo "2196"]
[PlyCount "63"]
[EventDate "2018.11.08"]
[EventType "team-tourn"]
[EventRounds "9"]
[EventCountry "ISL"]
[SourceTitle "CBM 189 Extra"]
[Source "ChessBase"]
[SourceDate "2019.06.03"]
[SourceVersion "1"]
[SourceVersionDate "2019.06.03"]
[SourceQuality "1"]
[WhiteTeam "Skakdeild KR"]
[BlackTeam "Taflfelag Reykjavikur II"]
[WhiteTeamCountry "ISL"]
[BlackTeamCountry "ISL"]

1. d4 Nf6 2. c4 e6 3. Nf3 Bb4+ 4. Nbd2 b6 5. g3 Bb7 6. Bg2 0-0 7. 0-0 Bxd2 8. Bxd2 d6 9. Qc2 Be4 10. Qb3 Nbd7 11. Rad1 Qc8 12. Bh3 Qa6 13. Bf4 Bc6 14. Rc1 Qa5 15. g4 Bxf3 16. Qxf3 e5 17. Be3 exd4 18. Bxd4 Qg5 19. Qg2 Qh4 20. f3 Nc5 21. Bf2 Qg5 22. f4 Qg6 23. b4 Nce4 24. Be3 h6 25. g5 Nh7 26. f5 Qh5 27. Bg4 Qh4 28. gxh6 Nhg5 29. Bf3 Rae8 30. Bxe4 Nh3+ 31. Kh1 Qxe4 32. Rf3 1-0

[Event "ISL-chT1 1819"]
[Site "Reykjavik"]
[Date "2019.02.28"]
[Round "6.1"]
[White "Olafsson, Thorvadur F"]
[Black "Nagy, Gabor"]
[Result "0-1"]
[WhiteElo "2196"]
[BlackElo "2464"]
[PlyCount "92"]
[EventDate "2018.11.08"]
[EventType "team-tourn"]
[EventRounds "9"]
[EventCountry "ISL"]
[SourceTitle "CBM 189 Extra"]
[Source "ChessBase"]
[SourceDate "2019.06.03"]
[SourceVersion "1"]
[SourceVersionDate "2019.06.03"]
[SourceQuality "1"]
[WhiteTeam "Taflfelag Reykjavikur II"]
[BlackTeam "Taflfelag Gardjabaejar"]
[WhiteTeamCountry "ISL"]
[BlackTeamCountry "ISL"]

1. e4 c5 2. Nf3 e6 3. d4 cxd4 4. Nxd4 a6 5. Nc3 Qc7 6. Qd3 Nf6 7. Qg3 d6 8. Bd3 b5 9. a3 Nbd7 10. 0-0 g6 11. f4 Bg7 12. Be3 0-0 13. Kh1 Rb8 14. f5 Ne5 15. fxe6 fxe6 16. Nce2 Nc4 17. Bc1 Bd7 18. b3 Nxe4 19. Rxf8+ Rxf8 20. Bxe4 Rf1+ 21. Ng1 Rxg1+ 22. Kxg1 Bxd4+ 23. Kh1 Bxa1 24. bxc4 Qxc4 25. Bd3 Qd4 26. Qf3 d5 27. Qg3 Qe5 28. Bf4 Qh5 29. h3 Bf6 30. Qf2 Qh4 31. Qe3 Bg7 32. Qb6 Qxf4 33. Qd8+ Bf8 34. Qxd7 Qe5 35. Qc8 Qd6 36. Be2 Kf7 37. Bg4 h5 38. Be2 Qxa3 39. Qc7+ Qe7 40. Qf4+ Qf6 41. Qc7+ Be7 42. Bd3 e5 43. Qd7 Qd6 44. Qc8 e4 45. Be2 Kg7 46. Qe8 Bf6 0-1

[Event "Reykjavik Congress"]
[Site "Reykjavik"]
[Date "2019.02.03"]
[Round "9"]
[White "Olafsson, Thorvadur F"]
[Black "Gretarsson, Hjorvar Steinn"]
[Result "0-1"]
[WhiteElo "2199"]
[BlackElo "2560"]
[PlyCount "59"]
[EventDate "2019.01.06"]
[EventType "swiss"]
[EventRounds "9"]
[EventCountry "ISL"]
[SourceTitle "CBM 188 Extra"]
[Source "ChessBase"]
[SourceDate "2019.02.26"]
[SourceVersion "1"]
[SourceVersionDate "2019.02.26"]
[SourceQuality "1"]

1. e4 c5 2. Nf3 d6 3. d4 cxd4 4. Nxd4 Nf6 5. Nc3 a6 6. Qf3 g6 7. h3 e5 8. Nb3 Be6 9. Bg5 Nbd7 10. 0-0-0 Rc8 11. Kb1 h6 12. Bc1 b5 13. g4 Qc7 14. Bd3 Bg7 15. g5 hxg5 16. Bxg5 Rh5 17. Qg3 b4 18. Ne2 a5 19. h4 a4 20. Nd2 Nc5 21. f4 Nxd3 22. Qxd3 Ng4 23. Rhf1 f6 24. f5 Bg8 25. Qb5+ Qc6 26. Qxb4 fxg5 27. Nc3 Ne3 28. f6 Bf8 29. f7+ Bxf7 30. Rxf7 0-1

[Event "Reykjavik Congress"]
[Site "Reykjavik"]
[Date "2019.01.09"]
[Round "2"]
[White "Olafsson, Thorvadur F"]
[Black "Jonsson, Olafur Gisli"]
[Result "1-0"]
[WhiteElo "2199"]
[BlackElo "1806"]
[PlyCount "85"]
[EventDate "2019.01.06"]
[EventType "swiss"]
[EventRounds "9"]
[EventCountry "ISL"]
[SourceTitle "CBM 188 Extra"]
[Source "ChessBase"]
[SourceDate "2019.02.26"]
[SourceVersion "1"]
[SourceVersionDate "2019.02.26"]
[SourceQuality "1"]

1. e4 d6 2. d4 Nf6 3. Nc3 c6 4. a4 Nbd7 5. Nf3 e5 6. Bc4 Be7 7. 0-0 0-0 8. h3 h6 9. Re1 Qc7 10. Ba2 b6 11. dxe5 dxe5 12. Nh4 Nc5 13. Qf3 Be6 14. Nf5 Kh7 15. b4 Bxa2 16. Rxa2 Ne6 17. Ne2 Rg8 18. c3 Rad8 19. Nxe7 Qxe7 20. Qf5+ Kh8 21. Qxe5 Rd3 22. Nd4 Qd7 23. Nxe6 fxe6 24. Bxh6 Rd8 25. Bg5 Qf7 26. Qf4 e5 27. Qh4+ Kg8 28. Rc2 R8d6 29. Bxf6 gxf6 30. Qg4+ Kf8 31. Qc8+ Kg7 32. Kh2 Qb3 33. Rce2 Qxc3 34. b5 cxb5 35. Qg4+ Kf8 36. axb5 Qb3 37. Ra1 Rd7 38. Rea2 Qf7 39. Qh4 Qg7 40. Qg4 Qh7 41. Rxa7 Ke7 42. Rxd7+ Rxd7 43. Qxd7+ 1-0

[Event "Reykjavik Congress"]
[Site "Reykjavik"]
[Date "2019.01.06"]
[Round "1"]
[White "Valdimarsson, Johann"]
[Black "Olafsson, Thorvadur F"]
[Result "0-1"]
[WhiteElo "1577"]
[BlackElo "2199"]
[PlyCount "82"]
[EventDate "2019.01.06"]
[EventType "swiss"]
[EventRounds "9"]
[EventCountry "ISL"]
[SourceTitle "CBM 188 Extra"]
[Source "ChessBase"]
[SourceDate "2019.02.26"]
[SourceVersion "1"]
[SourceVersionDate "2019.02.26"]
[SourceQuality "1"]

1. c4 Nf6 2. g3 g6 3. Bg2 Bg7 4. d4 d5 5. Nf3 c6 6. cxd5 cxd5 7. 0-0 0-0 8. Nc3 e6 9. Bd2 Ne4 10. Rc1 Nc6 11. Be1 f5 12. e3 Bd7 13. Nd2 Na5 14. Ncxe4 fxe4 15. f3 Bh6 16. Bf2 exf3 17. Nxf3 Nc4 18. Qb3 Qb6 19. Qxb6 axb6 20. Ne5 Nxe5 21. dxe5 Rxa2 22. Rc7 Bb5 23. Rfc1 Rxb2 24. R7c2 Rxc2 25. Rxc2 Ra8 26. h4 Bc4 27. e4 Ra1+ 28. Kh2 Ra2 29. Rxa2 Bxa2 30. Bxb6 Kf7 31. exd5 Bxd5 32. Bf1 Bd2 33. Bd4 Bc6 34. Bd3 b5 35. h5 b4 36. hxg6+ hxg6 37. Kg1 Be1 38. Bf2 Bc3 39. Kf1 b3 40. Ke2 b2 41. g4 Bb5 0-1

[Event "ISL-chT1 1819"]
[Site "Reykjavik"]
[Date "2018.11.10"]
[Round "3.1"]
[White "Olafsson, Thorvadur F"]
[Black "Carlsson, Pontus"]
[Result "0-1"]
[WhiteElo "2196"]
[BlackElo "2454"]
[PlyCount "56"]
[EventDate "2018.11.08"]
[EventType "team-tourn"]
[EventRounds "9"]
[EventCountry "ISL"]
[SourceTitle "CBM 187 Extra"]
[Source "ChessBase"]
[SourceDate "2018.11.04"]
[SourceVersion "1"]
[SourceVersionDate "2018.11.04"]
[SourceQuality "1"]
[WhiteTeam "Taflfelag Reykjavikur II"]
[BlackTeam "Skakdeild Fjolnis"]
[WhiteTeamCountry "ISL"]
[BlackTeamCountry "ISL"]

1. e4 c5 2. Nf3 d6 3. d4 Nf6 4. Nc3 cxd4 5. Nxd4 g6 6. Be3 a6 7. f3 b5 8. a3 Bb7 9. Qd2 h5 10. a4 b4 11. Na2 e5 12. Nb3 d5 13. Bg5 Nbd7 14. exd5 Bxd5 15. 0-0-0 Qb6 16. Kb1 Be7 17. Bd3 0-0 18. Qe3 Qe6 19. Nac1 Rfe8 20. Rhe1 Qc6 21. a5 Bf8 22. Qd2 Ra7 23. Re2 e4 24. fxe4 Nxe4 25. Qe1 Bg7 26. Be3 Rb7 27. Bd4 Ndf6 28. Bxf6 Qxf6 0-1

[Event "ISL-chT1 1819"]
[Site "Reykjavik"]
[Date "2018.11.08"]
[Round "1.1"]
[White "Olafsson, Thorvadur F"]
[Black "Thorgeirsson, Jon Kristinn"]
[Result "1/2-1/2"]
[WhiteElo "2196"]
[BlackElo "2297"]
[PlyCount "86"]
[EventDate "2018.11.08"]
[EventType "team-tourn"]
[EventRounds "9"]
[EventCountry "ISL"]
[SourceTitle "CBM 187 Extra"]
[Source "ChessBase"]
[SourceDate "2018.11.04"]
[SourceVersion "1"]
[SourceVersionDate "2018.11.04"]
[SourceQuality "1"]
[WhiteTeam "Taflfelag Reykjavikur II"]
[BlackTeam "Skakfelag Akureyrar"]
[WhiteTeamCountry "ISL"]
[BlackTeamCountry "ISL"]

1. e4 e5 2. Nf3 Nc6 3. d4 exd4 4. Nxd4 Nf6 5. Nxc6 bxc6 6. Bd3 d5 7. exd5 cxd5 8. 0-0 Be7 9. c4 c6 10. Nc3 0-0 11. Bf4 Be6 12. cxd5 Nxd5 13. Be5 Bf6 14. Bxf6 Qxf6 15. Nxd5 Bxd5 16. Qc2 Rab8 17. b3 Rb4 18. Bc4 Bxc4 19. bxc4 Rb2 20. Qa4 Qd4 21. Rab1 Rxb1 22. Rxb1 c5 23. Rd1 Qg4 24. Re1 h6 25. h3 Qf4 26. Re8 Rxe8 27. Qxe8+ Kh7 28. Qa4 Qc1+ 29. Kh2 Qd2 30. Qxa7 Qxf2 31. Qc7 f5 32. Qe5 f4 33. a4 Qd2 34. Qxc5 Qd3 35. Qe5 Qxc4 36. a5 Qf1 37. Qe4+ Kh8 38. Qe8+ Kh7 39. Qa4 Qe1 40. Qa3 Qf1 41. a6 f3 42. gxf3 Qf2+ 43. Kh1 Qf1+ 1/2-1/2

[Event "Reykjavik TR CC-A"]
[Site "Reykjavik"]
[Date "2018.09.23"]
[Round "6"]
[White "Stefansson, Vignir Vatnar"]
[Black "Olafsson, Thorvadur F"]
[Result "1-0"]
[WhiteElo "2270"]
[BlackElo "2192"]
[PlyCount "55"]
[EventDate "2018.09.09"]
[EventType "tourn"]
[EventRounds "7"]
[EventCountry "ISL"]
[SourceTitle "CBM 186 Extra"]
[Source "ChessBase"]
[SourceDate "2018.08.24"]
[SourceVersion "1"]
[SourceVersionDate "2018.08.24"]
[SourceQuality "1"]

1. d4 Nf6 2. Bg5 e6 3. e4 h6 4. Bxf6 Qxf6 5. Nf3 d5 6. Nbd2 Qd8 7. Bd3 dxe4 8. Nxe4 Nd7 9. 0-0 Be7 10. Qe2 0-0 11. Ne5 Nxe5 12. dxe5 Qd4 13. Nc3 Qb4 14. Nb5 c6 15. c3 Qh4 16. Nd4 Bc5 17. Nf3 Qg4 18. h3 Qh5 19. Qe4 f5 20. exf6 Rxf6 21. Rae1 Qf5 22. Qe2 Qf4 23. Qc2 e5 24. Re4 Qg3 25. Kh1 Bxf2 26. Qxf2 Qxf2 27. Rxf2 Bf5 28. Bc4+ 1-0

[Event "Reykjavik Faxaven op"]
[Site "Reykjavik"]
[Date "2018.05.02"]
[Round "7"]
[White "Olafsson, Thorvadur F"]
[Black "Ptacnikova, Lenka"]
[Result "0-1"]
[WhiteElo "2176"]
[BlackElo "2200"]
[PlyCount "72"]
[EventDate "2018.03.21"]
[EventType "swiss"]
[EventRounds "7"]
[EventCountry "ISL"]
[SourceTitle "EXT 2019"]
[Source "ChessBase"]
[SourceDate "2018.10.10"]
[SourceVersion "1"]
[SourceVersionDate "2018.10.10"]
[SourceQuality "1"]

1. e4 Nf6 2. e5 Nd5 3. d4 d6 4. c4 Nb6 5. exd6 Qxd6 6. Be3 Qb4+ 7. Qd2 e5 8. a3 Qxd2+ 9. Nxd2 exd4 10. Bxd4 Nc6 11. Be3 Bf5 12. Ngf3 0-0-0 13. b3 Be7 14. Be2 Rhe8 15. 0-0 g5 16. Rfc1 g4 17. Ne1 Bf6 18. Ra2 h5 19. Bd1 Nd4 20. Kf1 h4 21. Bxd4 Rxd4 22. Bc2 Bxc2 23. Rcxc2 Bg5 24. g3 hxg3 25. hxg3 f5 26. f4 Bf6 27. Rc1 a5 28. c5 Nd5 29. Nc4 Ne3+ 30. Nxe3 Rxe3 31. b4 Rxg3 32. c6 Rxf4+ 33. Ke2 Re4+ 34. Kf2 Bh4 35. cxb7+ Kxb7 36. Kf1 Rxe1+ 0-1

[Event "Reykjavik Faxaven op"]
[Site "Reykjavik"]
[Date "2018.04.04"]
[Round "3"]
[White "Olafsson, Thorvadur F"]
[Black "Bjornsson, Sigurbjorn"]
[Result "1/2-1/2"]
[WhiteElo "2176"]
[BlackElo "2278"]
[PlyCount "26"]
[EventDate "2018.03.21"]
[EventType "swiss"]
[EventRounds "7"]
[EventCountry "ISL"]
[SourceTitle "EXT 2019"]
[Source "ChessBase"]
[SourceDate "2018.10.10"]
[SourceVersion "1"]
[SourceVersionDate "2018.10.10"]
[SourceQuality "1"]

1. e4 e5 2. Nf3 Nc6 3. Bb5 Nge7 4. Nc3 d6 5. d4 a6 6. Bxc6+ Nxc6 7. dxe5 Nxe5 8. Nxe5 dxe5 9. Qxd8+ Kxd8 10. Bg5+ f6 11. 0-0-0+ Bd6 12. Be3 Be6 13. Nd5 Bxd5 1/2-1/2

[Event "Reykjavik Congress"]
[Site "Reykjavik"]
[Date "2018.02.07"]
[Round "9"]
[White "Jensson, Einar Hjalti"]
[Black "Olafsson, Thorvadur F"]
[Result "1-0"]
[WhiteElo "2336"]
[BlackElo "2178"]
[PlyCount "55"]
[EventDate "2018.01.10"]
[EventType "swiss"]
[EventRounds "9"]
[EventCountry "ISL"]
[SourceTitle "CBM 182 Extra"]
[Source "ChessBase"]
[SourceDate "2018.02.23"]
[SourceVersion "1"]
[SourceVersionDate "2018.02.23"]
[SourceQuality "1"]

1. d4 Nf6 2. c4 e6 3. Nc3 Bb4 4. Qc2 0-0 5. a3 Bxc3+ 6. Qxc3 d5 7. Nf3 Ne4 8. Qc2 c6 9. Bf4 Nd7 10. e3 f5 11. h3 Kh8 12. Bd3 Qe7 13. 0-0 g5 14. Bh2 Qg7 15. Ne5 Nef6 16. cxd5 Nxd5 17. Nxd7 Qxd7 18. Be5+ Kg8 19. Qe2 Qf7 20. f4 gxf4 21. exf4 h6 22. Rf3 Kh7 23. g4 Rg8 24. Kh1 Bd7 25. Rg1 c5 26. Rfg3 Bc6 27. Kh2 c4 28. Bb1 1-0